Statistics for Teams with College Championships in Football and Basketball

Click here to take the quiz!

General Stats

  • This quiz has been taken 76 times
  • The average score is 8 of 14

Answer Stats

CFBCBBAnswer% Correct
1984, 20132006, 2007Florida
94%
1901, 19971989Michigan
86%
1933, 20141960Ohio State
86%
19541964, 1995UCLA
77%
1951, 19661979, 2000Michigan State
73%
19501948, 2012Kentucky
65%
19592003Syracuse
64%
1964,19771994Arkansas
59%
1951, 19532002Maryland
56%
19451945, 1946Oklahoma State
47%
1920, 19371959California
42%
1926, 19401942Stanford
36%
19421941Wisconsin
36%
20081944Utah
24%

Score Distribution

Percentile by Number Answered

Percent of People with Each Score

Your Score History

You have not taken this quiz